Nomi, cose e città: vertebrati in Italia - Statistics

Statistiche generali
  • Questo quiz è stato fatto 73 volte
  • Il punteggio medio è 14 su 21
Statistiche sulle risposte
Hint Risposta % Corretto
C Cagnaccio|Cagnesca|Cagnetta|Calandra|Calandrella|Calandro|Calinura|Camaleonte|Camoscio|Canapiglia|Canapino|Canarino|Canario|Cane procione|Cane viverrino|Canesca|Cannaiola|Cannareccione|Cantaro|Capinera|Capitone|Capo piatto|Capodoglio|Capolepre|Capone|Capovaccaio|Cappellaccia|Cappellano|Cappone|Capra|Caprimulgo|Capriolo|Carango|Carassio|Carcarodonte|Cardellino|Carpa|Carpione|Casarca|Castagnola|Castorino|Castoro|Cauliodo|Cavaliere d'Italia|Cavalluccio marino|Cavedano|Caviglione|Cebacek|Ceca|Cefalo|Celorinco|Centroforo|Centrolofo|Centroscimmo|Cepola|Cernia|Cervo|Cervone|Cesena|Cetorino|Cheppia|Chimera|Chipmunk|Chiurlo|Chukar|Cianciallegra|Cicerello|Cicogna|Cieca|Cigno|Cincia|Cinciarella|Cinclo|Cinghiale|Cino|Cino pontico|Ciuffolotto|Civetta|Cobite|Coda brillante|Coda di rospo|Coda lucente|Codibugnolo|Codino|Codirosso|Codirossone|Codone|Cogia|Colino|Colomba|Colombaccio|Colombella|Colombo|Colombo di mare|Colubro|Coniglio|Coregone|Corifena|Cormorano|Cornacchia|Corriere|Corvina|Corvo|Costardella|Coturnice|Crocidura|Crociere|Cuculo|Culbianco|Cutrettola
89%
D Daino|Dama|Damma|Delfino|Dentice|Diavolo di mare|Discoglosso|Donnola|Donzella|Dorado|Dotto|Drago di mare|Dragoncello|Dragonetto|Driomio
86%
A Abramide|Abuzago|Acciuga|Acerina|Acquadella|Addotto|Agone|Aguglia|Airone|Ala filosa|Alaccia|Alalonga|Alalunga|Albanella|Alborella|Alfonsino|Algiroide|Alice|Alletterato|Allocco|Allodola|Alosa|Alosauro|Altavela|Alzavola|Ammotrago|Amur|Anatra|Angelo di mare|Anguilla|Aquila|Aquila di mare|Argentina|Arvicola|Ascia d'argento|Aspide|Aspio|Assiolo|Astore|Averla|Avocetta|Avvoltoio
85%
L Lacerto|Lampreda|Lampuga|Lanario|Lanzardo|Lasca|Latterino|Lavarello|Leccia|Lepre|Leucisco|Lince|Lingua di cane|Lingualunga|Linguattola|Lobote|Lodola|Lodolaio|Lontra|Lotregano|Lucarino|Luccio|Lucerna|Lucertola|Lucherino|Lucioperca|Luì|Lupo|Luscengola|Luvaro
82%
O Oca|Occhialone|Occhiata|Occhio lucente|Occhiocotto|Occhione|Occhiverdi|Ombrina|Opah|Orata|Orbettino|Orca|Orecchione|Organetto|Orsetto lavatore|Orso|Ortigometra|Ortolano|Ossirina|Ostrichiere
82%
S Sacchetto|Saettone|Sagrì|Salamandra|Salciaiola|Salmerino|Salmone|Salpa|Saltimpalo|Sandra|Sanguinerola|Sarago|Sardina|Sauro|Savetta|Scardafa|Scardola|Scaro|Scazzone|Schiribilla|Sciacallo|Sciarrano|Scoiattolo|Scombro|Scorfano|Scorfanotto|Scorpenopode|Scricciolo|Sei branchie|Sergente maggiore|Seriolina|Serotino|Serpe|Serpente|Serpente di mare|Sgarza|Sgombro|Silvilago|Simboloforo|Smergo|Smeriglio|Sogliola|Sordone|Sparaglione|Sparviere|Sparviero|Spatola|Spigola|Spinarello|Spinarolo|Spinosa|Spioncello|Spratto|Squadro|Squadrolino|Squalo|Squatina|Stambecco|Starna|Stenella|Steno|Sterna|Sterpazzola|Sterpazzolina|Stiaccino|Storione|Storno|Strillozzo|Striscia|Suacia|Subietto|Succiacapre|Succiascoglio|Sugarello|Sula|Surmolotto|Suro
80%
F Facciola|Facciolella|Fagiano|Faina|Falco|Fanello|Fenicottero|Ferro di cavallo|Fiatola|Fierasfer|Fieto|Fillodattilo|Fiorrancino|Fischione|Fistione|Foca|Folaga|Forapaglie|Fragolino|Francolino|Fraticello|Fratino|Fringuello|Frosone|Furetto
77%
B Balbo|Balena|Balenottera|Balestruccio|Balia|Ballerina|Barbagianni|Barbastello|Barbo|Barracudina|Basettino|Batofilo|Batticoda|Bavosa|Bavosella|Beccaccia|Beccaccino|Beccacino|Beccafico|Beccamoschino|Beccapesci|Becco d'anatra|Bengalino|Berice|Berta|Biacco|Bianchetto|Biancone|Bigia|Bigiarella|Biscia|Biscia di mare|Biso|Blicca|Boa|Bocca d'oro|Bocca spinosa|Boccalone|Boccanera|Boccatonda|Bodunduk|Boga|Botolo|Bottatrice|Bozzago|Bozzagro|Bozzegro|Branzino|Breme|Brotola|Brotula|Brotulide|Budego|Busbana|Buzzago|Buzzagro
75%
R Raganella|Ramarro|Rampichino|Rana|Rana pescatrice|Ratto|Razza|Re di aringhe|Re di quaglie|Re di triglie|Reattino|Regolo|Remora|Riccio|Ricciola|Rigogolo|Rinottera|Rodeo|Rombo|Ronco|Rondine|Rondine di mare|Rondinella|Rondone|Rospo|Rossetto|Rovella|Rovello|Rutilo|Ruvetto
75%
G Gabbiano|Gadella|Gadorinco|Galiotto|Galletto|Gallina|Gallinella|Gallo|Gambusia|Gardon|Garizzo|Garzetta|Gatto selvatico|Gattopardo|Gattuccio|Gazza|Geco|Genetta|Geotritone|Germano|Gheppio|Ghiandaia|Ghiozzetto|Ghiozzo|Ghiro|Gipeto|Girella|Globicefalo|Gobbetto|Gobbo|Gobione|Gongilo|Gracchio|Grampo|Grifone|Grillaio|Grongo|Gruccione|Grugnitore|Guacco|Gufo
74%
P Pachiuro|Pagello|Pagro|Palamita|Palombaccio|Palombella|Palombo|Pantegana|Panuro|Panzarolo|Papalina|Paraliparide|Parrocchetto|Passera|Passero|Passerotto|Pastinaca|Pasturavacche|Pavoncella|Pecchiaiolo|Pecora|Pelobate|Pelodite|Pendolino|Pentigana|Peperoncino|Peppola|Perchia|Pernice|Persico|Pescatrice|Pesce accetta|Pesce ago|Pesce angelo|Pesce ascia|Pesce balestra|Pesce bandiera|Pesce beccarino|Pesce burro|Pesce capone|Pesce cardinale|Pesce castagna|Pesce chitarra|Pesce civetta|Pesce damigella|Pesce falce|Pesce fico|Pesce foglia|Pesce forca|Pesce imperatore|Pesce lampadina|Pesce lanterna|Pesce liocorno|Pesce lucertola|Pesce luna|Pesce martello|Pesce nastro|Pesce palla|Pesce pappagallo|Pesce persico|Pesce pettine|Pesce pilota|Pesce pony|Pesce porcellino|Pesce porco|Pesce re|Pesce remo|Pesce rondine|Pesce rospo|Pesce rosso|Pesce San Pietro|Pesce sciabola|Pesce sega|Pesce sergente maggiore|Pesce serpe|Pesce serpente|Pesce serra|Pesce settembrino|Pesce sole|Pesce sorcio|Pesce spada|Pesce specchio|Pesce tamburo|Pesce timone|Pesce topino|Pesce topo|Pesce trombetta|Pesce vacca|Pesce vela|Pesce violino|Pesce vipera|Pesce volante|Pettazzurro|Pettegola|Pettirosso|Pezzogna|Picchio|Piccione|Pigliamosche|Pigo|Pinna nera|Pipistrello|Piro-piro|Pittima|Piviere|Pizzuto|Platanna|Poiana|Pollo|Porciglione|Porcospino|Potassolo|Prispola|Prispolone|Procione|Proteo|Psammodromo|Pseudorasbora|Pseudorca|Puzzola
74%
M Maccarello|Magnanina|Mahi-Mahi|Mako|Mangiameduse|Manta|Marangone|Marasso|Marlin|Marmotta|Martin pescatore|Martora|Marzaiola|Maurolico|Megattera|Melù|Mennola|Menola|Merlano|Merlo|Merluzzetto|Merluzzo|Merope|Mesoplodonte|Microittio|Microstoma|Migliariono|Mignattaio|Mignattino|Milordo|Miniottero|Miro|Missina|Molo|Molosso|Molva|Monacanto|Monachella|Mora|Moranec|Moretta|Moretto|Moriglione|Moro|Moscardino|Moschettone|Mostella|Motella|Muflone|Muggine|Murena|Musdea|Muso lucente|Muso rognoso|Musolungo|Mustiolo
71%
T Taccola|Talpa|Tamia|Tanuta|Tarabùsino|Tarabusto|Tarantola|Tarantolino|Tartaruga|Tasso|Temolo|Testa nuda|Testuggine|Tetragonuro|Tinca|Tirsite|Tombarello|Tonnetto|Tonno|Topino|Topo|Toporagno|Torcicollo|Tordela|Tordella|Tordo|Torpedine|Tortora|Tottavilla|Trachino|Tracina|Triglia|Trigone|Triotto|Tritone|Trota|Tursiope
71%
I Ibis|Ippocampo|Istrice|Ittiococco
66%
E Edredone|Elettrona|Eretmoforo|Ermellino|Euprotto|Evermannella
65%
N Nansenia|Nasello|Naso|Natrice|Nibbio|Nittereute|Nitticora|Nocciolaia|Nono|Notacanto|Notidano|Nottola|Nutria
65%
U Uccello delle tempeste|Udad|Ululone|Upupa|Urogallo|Usignolo
63%
V Vaccarella|Vairone|Valencienello|Venturone|Verdello|Verdesca|Verdone|Verzellino|Vespertilio|Vinciguerria|Vipera|Vipera di mare|Visone|Vitello di mare|Volpe|Volpina|Volpoca|Voltolino
62%
Q Quaglia|Quercino
49%
Z Zanchetta|Zerro|Zifi|Zigolo|Zigrino
8%
X Xenopo
2%
Nessun quiz corrispondente trovato
Distribuzione punteggi
Percentuale di utenti per punteggio
Percentile per numero di risposta
I tuoi punteggi nel tempo
Non hai fatto questo quiz